Introduction to chill the CCITT high level language / (Record no. 590987)
[ view plain ]
| 000 -LEADER | |
|---|---|
| fixed length control field | 00464nam a22001217a 4500 |
| 040 ## - CATALOGING SOURCE | |
| Transcribing agency | NUST |
| 082 ## - DEWEY DECIMAL CLASSIFICATION NUMBER | |
| Classification number | 005.133,INT |
| 245 ## - TITLE STATEMENT | |
| Title | Introduction to chill the CCITT high level language / |
| 260 ## - PUBLICATION, DISTRIBUTION, ETC. | |
| Place of publication, distribution, etc. | Geneva |
| Name of publisher, distributor, etc. | international telecommunication union |
| Date of publication, distribution, etc. | 1980 |
| 300 ## - PHYSICAL DESCRIPTION | |
| Extent | 98p .: |
| 505 ## - FORMATTED CONTENTS NOTE | |
| Formatted contents note | Introduction (page-1), Language Basic (Page-4), Data Object Description (Page-38), Program Structure (Page-610, Optional Syn taxes (Page-87). |
| 942 ## - ADDED ENTRY ELEMENTS (KOHA) | |
| Source of classification or shelving scheme | |
| Koha item type | Book |
| Call number prefix | 005.133,INT |
| Withdrawn status | Lost status | Source of classification or shelving scheme | Damaged status | Not for loan | Permanent Location | Current Location | Shelving location | Date acquired | Total Checkouts | Full call number | Barcode | Date last seen | Price effective from | Koha item type | Public note |
|---|---|---|---|---|---|---|---|---|---|---|---|---|---|---|---|
| Military College of Signals (MCS) | Military College of Signals (MCS) | General Stacks | 08/15/2022 | 005.133,INT | MCS6771 | 08/15/2022 | 08/15/2022 | Book | Almirah No.5, Shelf No.5 |
